Classifica Scarpa d'Oro 2019 - Statistics

Statistiche generali
  • Questo quiz è stato fatto 34 volte
  • Il punteggio medio è 9 su 11
Statistiche sulle risposte
Gol Coefficiente UEFA Punti Nazione Squadra Calciatore % Corretto
36 x2 72 Argentina Barcellona Lionel Messi
100%
23 x2 46 Colombia Atalanta Duván Zapata
94%
26 x2 52 Italia Sampdoria Fabio Quagliarella
94%
33 x2 66 Francia Paris Saint-Germain Kylian Mbappé
94%
22 x2 44 Egitto Liverpool Mohamed Salah
94%
22 x2 44 Polonia Bayern Monaco Robert Lewandowski
94%
22 x2 44 Senegal Liverpool Sadio Mané
94%
22 x2 44 Polonia Genoa / Milan Krzysztof Piątek
90%
22 x2 44 Francia / Gabon Arsenal Pierre-Emerick Aubameyang
81%
22 x2 44 Costa d'Avorio Lilla Nicolas Pepé
48%
30 x1,5 45 Sengal Galatasaray Mbaye Diagne
10%
Nessun quiz corrispondente trovato
Distribuzione punteggi
Percentuale di utenti per punteggio
Percentile per numero di risposta
I tuoi punteggi nel tempo
Non hai fatto questo quiz